000 00746nam a22002057a 4500
003 0
005 20240918151333.0
008 240918b xxu||||| |||| 00| 0 eng d
020 _a978-1-119-82086-4
050 _aQA 76.73
_b.X53 2022
100 _aXiao, Perry
245 _aArtificial intelligence programming with python
_bfrom zero to hero
_cPerry Xiao
260 _aNew Jersey
_bJohn Wiley & Sons, Inc.
_c2022
300 _axxix, 681 pages :
_bblack and white illustrations and pictures ;
_c24cm.
504 _aIncludes bibliographical references, glossary, and index.
650 _aArtificial Intelligence.
650 _aArtificial Intelligence--Programming.
650 _aArtificial Intelligence--Python.
942 _2lcc
_cBK
999 _c366246
_d366246